[Event "Titled Tuesday intern op 17th Nov"]
[Site "Chess.com INT"]
[Date "2020.11.17"]
[Round "2"]
[White "Akbarinia, Sayed Arash"]
[Black "Mrudul, Dehankar"]
[Result "1-0"]
[WhiteElo "2379"]
[BlackElo "2256"]
[PlyCount "67"]
[EventDate "2020.11.17"]
[EventType "swiss (blitz)"]
[EventRounds "11"]
[EventCountry "USA"]
[SourceTitle "CBM 199 Extra"]
[Source "ChessBase"]
[SourceDate "2021.01.31"]
[SourceVersion "1"]
[SourceVersionDate "2021.01.31"]
[SourceQuality "1"]

1. Nf3 Nf6 2. c4 e6 3. g3 b6 4. Bg2 Bb7 5. 0-0 Be7 6. d4 0-0 7. Re1 Bb4 8. Bd2 Bxd2 9. Nbxd2 d6 10. Qc2 Nbd7 11. e4 e5 12. Rad1 Qe7 13. h3 Nh5 14. Nf1 Rfe8 15. dxe5 Nxe5 16. Nd4 g6 17. Ne3 Ng7 18. Nd5 Qd8 19. f4 Nc6 20. Nb5 Rc8 21. g4 h6 22. Re3 a6 23. Nbc3 a5 24. Nb5 Nb4 25. Qc3 Nxd5 26. cxd5 c6 27. Na7 Rc7 28. Nxc6 Qa8 29. e5 dxe5 30. Rxe5 Rd8 31. Ne7+ Rxe7 32. Rxe7 Bxd5 33. Qd2 Kf8 34. Re5 1-0

[Event "Titled Tuesday intern op 17th Nov"]
[Site "Chess.com INT"]
[Date "2020.11.17"]
[Round "4"]
[White "Goltsev, Dmitry"]
[Black "Akbarinia, Sayed Arash"]
[Result "1-0"]
[WhiteElo "2312"]
[BlackElo "2379"]
[PlyCount "67"]
[EventDate "2020.11.17"]
[EventType "swiss (blitz)"]
[EventRounds "11"]
[EventCountry "USA"]
[SourceTitle "CBM 199 Extra"]
[Source "ChessBase"]
[SourceDate "2021.01.31"]
[SourceVersion "1"]
[SourceVersionDate "2021.01.31"]
[SourceQuality "1"]

1. e4 c6 2. Nf3 d5 3. Nc3 dxe4 4. Nxe4 Nf6 5. Nxf6+ exf6 6. Bc4 Bd6 7. 0-0 0-0 8. h3 Qc7 9. d4 Bf5 10. a4 Nd7 11. Bd3 Bg6 12. Re1 Rfe8 13. Be3 Rad8 14. c3 Bxd3 15. Qxd3 g6 16. Bd2 Kg7 17. b4 h5 18. Re3 Bf4 19. Re2 Nb6 20. a5 Nd5 21. g3 Bxg3 22. fxg3 Qxg3+ 23. Rg2 Qxh3 24. Rf1 Re6 25. Ne5 Qxd3 26. Nxd3 b6 27. Rf3 g5 28. Rh3 Kh6 29. Rgh2 bxa5 30. bxa5 Rb8 31. Rxh5+ Kg6 32. Rh6+ Kf5 33. Rf2+ Ke4 34. Nc5# 1-0

[Event "Titled Tuesday intern op 17th Nov"]
[Site "Chess.com INT"]
[Date "2020.11.17"]
[Round "11"]
[White "Iskusnyh, Sergei"]
[Black "Akbarinia, Sayed Arash"]
[Result "1-0"]
[WhiteElo "2473"]
[BlackElo "2379"]
[PlyCount "45"]
[EventDate "2020.11.17"]
[EventType "swiss (blitz)"]
[EventRounds "11"]
[EventCountry "USA"]
[SourceTitle "CBM 199 Extra"]
[Source "ChessBase"]
[SourceDate "2021.01.31"]
[SourceVersion "1"]
[SourceVersionDate "2021.01.31"]
[SourceQuality "1"]

1. d4 d5 2. c4 e6 3. Nf3 Nf6 4. g3 Be7 5. Bg2 0-0 6. 0-0 dxc4 7. Qa4 a6 8. Qxc4 b5 9. Qc2 Bb7 10. Bd2 Be4 11. Qc1 Nbd7 12. Ba5 Nb6 13. Nbd2 Bb7 14. b4 Rc8 15. Qb2 Qd6 16. Rac1 Rfd8 17. e3 h6 18. Rc2 Ne4 19. Rfc1 Nxd2 20. Nxd2 Bxg2 21. Kxg2 e5 22. dxe5 Qd3 23. Bxb6 1-0

[Event "Titled Tuesday intern op 10th Nov"]
[Site "Chess.com INT"]
[Date "2020.11.10"]
[Round "8"]
[White "Akbarinia, Sayed Arash"]
[Black "Kovalev, Denis"]
[Result "0-1"]
[WhiteElo "2379"]
[BlackElo "2487"]
[PlyCount "76"]
[EventDate "2020.11.10"]
[EventType "swiss (blitz)"]
[EventRounds "11"]
[EventCountry "USA"]
[SourceTitle "CBM 199 Extra"]
[Source "ChessBase"]
[SourceDate "2021.01.31"]
[SourceVersion "1"]
[SourceVersionDate "2021.01.31"]
[SourceQuality "1"]

1. Nf3 Nf6 2. c4 c6 3. g3 d5 4. Bg2 Bf5 5. Qb3 Qb6 6. 0-0 e6 7. d3 Nbd7 8. cxd5 Qxb3 9. axb3 exd5 10. Nd4 Bg6 11. Nc3 Bc5 12. Be3 Ng4 13. Na4 Nxe3 14. fxe3 Bd6 15. Kf2 0-0 16. h3 Rfe8 17. g4 a6 18. Nc3 Re5 19. Nf3 Re7 20. Nh4 Rae8 21. Nxg6 hxg6 22. e4 d4 23. Nb1 Bb4 24. Na3 g5 25. Nc2 Bc5 26. Ra4 Ne5 27. Rc1 Ba7 28. Kf1 Rd8 29. Na3 Re6 30. Nc2 Rf6+ 31. Ke1 Ng6 32. Bf3 Nf4 33. Ra5 Nxd3+ 34. exd3 Rxf3 35. Rxg5 Rxd3 36. h4 Rxb3 37. h5 d3 38. Na1 d2+ 0-1

[Event "Titled Tuesday intern op 10th Nov"]
[Site "Chess.com INT"]
[Date "2020.11.10"]
[Round "5"]
[White "Akbarinia, Sayed Arash"]
[Black "Shahade, Gregory P"]
[Result "1/2-1/2"]
[WhiteElo "2379"]
[BlackElo "2476"]
[PlyCount "134"]
[EventDate "2020.11.10"]
[EventType "swiss (blitz)"]
[EventRounds "11"]
[EventCountry "USA"]
[SourceTitle "CBM 199 Extra"]
[Source "ChessBase"]
[SourceDate "2021.01.31"]
[SourceVersion "1"]
[SourceVersionDate "2021.01.31"]
[SourceQuality "1"]

1. Nf3 Nf6 2. c4 g6 3. g3 Bg7 4. Bg2 d5 5. cxd5 Nxd5 6. 0-0 Nb6 7. Nc3 Nc6 8. b3 0-0 9. Bb2 a5 10. a3 e5 11. d3 Nd4 12. Rc1 c6 13. Re1 Be6 14. Nd2 Nd5 15. Nce4 Bg4 16. h3 Bf5 17. Nc4 Bc8 18. e3 Ne6 19. Bxe5 Bxe5 20. Nxe5 Qe7 21. Nc4 b5 22. Ne5 Qxa3 23. Nxc6 Nb4 24. Nxb4 Qxb4 25. Nf6+ Kg7 26. Nd5 Qd6 27. Qd2 Bb7 28. Qb2+ f6 29. Nf4 Bxg2 30. Nxe6+ Qxe6 31. Kxg2 Rf7 32. Rc5 Rb7 33. Rec1 Qd6 34. d4 a4 35. bxa4 b4 36. a5 b3 37. R1c3 Rab8 38. R3c4 h5 39. h4 Qe6 40. Rc3 Qe4+ 41. f3 Qe6 42. Rc6 Qd5 43. R3c5 Qf7 44. a6 Rb4 45. Rc7 Ra4 46. Rxf7+ Kxf7 47. Rc7+ Ke6 48. Rb7 Ra2 49. Rxb8 Rxb2+ 50. Kh3 Ra2 51. Rb6+ Kd5 52. Rxb3 Rxa6 53. Rc3 f5 54. Rc5+ Kd6 55. Rc8 Ra3 56. Re8 Rd3 57. g4 hxg4+ 58. fxg4 f4 59. h5 gxh5 60. gxh5 fxe3 61. h6 e2+ 62. Kg2 Rxd4 63. h7 Rh4 64. Kf2 Rh2+ 65. Ke1 Rxh7 66. Rxe2 Re7 67. Rxe7 Kxe7 1/2-1/2

[Event "Titled Tuesday intern op 10th Nov"]
[Site "Chess.com INT"]
[Date "2020.11.10"]
[Round "4"]
[White "Klimkowski, Jan"]
[Black "Akbarinia, Sayed Arash"]
[Result "0-1"]
[WhiteElo "2305"]
[BlackElo "2379"]
[PlyCount "100"]
[EventDate "2020.11.10"]
[EventType "swiss (blitz)"]
[EventRounds "11"]
[EventCountry "USA"]
[SourceTitle "CBM 199 Extra"]
[Source "ChessBase"]
[SourceDate "2021.01.31"]
[SourceVersion "1"]
[SourceVersionDate "2021.01.31"]
[SourceQuality "1"]

1. e4 c6 2. d4 d5 3. exd5 cxd5 4. c4 Nf6 5. Nc3 Nc6 6. Bg5 g6 7. Bxf6 exf6 8. cxd5 Ne7 9. Bc4 Bg7 10. Nge2 0-0 11. 0-0 a6 12. a4 b6 13. Nf4 Bb7 14. Re1 Nf5 15. Qd2 Rc8 16. Ba2 Nd6 17. Qd3 Qc7 18. g3 Rfd8 19. Ng2 f5 20. Re2 Nc4 21. Ne3 Nxb2 22. Rxb2 Qxc3 23. Qxc3 Rxc3 24. Rd1 Rd6 25. Rb4 h6 26. Rdb1 Rd3 27. Rxb6 Rxb6 28. Rxb6 Bxd4 29. Rxb7 Bxe3 30. d6 Rd1+ 31. Kg2 Rd2 32. Bxf7+ Kg7 33. Bc4+ Kf6 34. Kf3 Bxf2 35. Rf7+ Ke5 36. d7 Bc5 37. Bxa6 Bb6 38. Bb5 Ke6 39. Rg7 Kf6 40. Rg8 g5 41. g4 f4 42. Re8 Kf7 43. Re2 Rxe2 44. Kxe2 Ke7 45. Kf3 Ba5 46. h3 Bd8 47. Ke4 Ba5 48. Kd5 Bd8 49. Kc6 f3 50. Kb7 f2 0-1

[Event "Titled Tuesday intern op 10th Nov"]
[Site "Chess.com INT"]
[Date "2020.11.10"]
[Round "1"]
[White "Lintchevski, Daniil"]
[Black "Akbarinia, Sayed Arash"]
[Result "0-1"]
[WhiteElo "2555"]
[BlackElo "2379"]
[PlyCount "98"]
[EventDate "2020.11.10"]
[EventType "swiss (blitz)"]
[EventRounds "11"]
[EventCountry "USA"]
[SourceTitle "CBM 199 Extra"]
[Source "ChessBase"]
[SourceDate "2021.01.31"]
[SourceVersion "1"]
[SourceVersionDate "2021.01.31"]
[SourceQuality "1"]

1. e4 c6 2. d4 d5 3. Nd2 dxe4 4. Nxe4 Nf6 5. Nxf6+ exf6 6. Bc4 Bd6 7. Qe2+ Qe7 8. Qxe7+ Kxe7 9. Ne2 Nd7 10. Bf4 Bxf4 11. Nxf4 Nb6 12. Bd3 Rd8 13. c3 g6 14. 0-0-0 f5 15. h4 Kf6 16. Rhe1 Bd7 17. Re5 Re8 18. Rde1 Rxe5 19. Rxe5 Be6 20. b3 Rd8 21. Ra5 a6 22. Bc2 h6 23. Nd3 Nd5 24. Kb2 Bc8 25. c4 Nc7 26. Kc3 Ne6 27. d5 b6 28. dxe6 bxa5 29. exf7 Be6 30. Nc5 Bxf7 31. Nxa6 g5 32. hxg5+ hxg5 33. Nc5 g4 34. g3 Rh8 35. Nd3 Rh2 36. Kd4 Bg6 37. Ke3 f4+ 38. gxf4 g3 39. fxg3 Rxc2 40. Ne5 Rxa2 41. g4 Rb2 42. g5+ Kf5 43. Nxc6 Rxb3+ 44. Kd2 Kxf4 45. Nxa5 Rd3+ 46. Ke2 Ra3 47. Nc6 Ra2+ 48. Kd1 Ke3 49. Ne5 Ra1# 0-1